| 000 | 01048 a2200241 4500 | ||
|---|---|---|---|
| 005 | 20081010114137.0 | ||
| 008 | 081010t xxu||||| |||| 00| 0 ur d | ||
| 010 | _aUR-7283 | ||
| 020 | _c300.00 | ||
| 035 | _aU-5838 | ||
| 037 | _bD.B.Act /pub | ||
| 082 | _a954 | ||
| 100 | _aقر يشی رفعت سعيد | ||
| 245 |
_aملک خدا تنگ نيست _cرفعت سعيد قر يشی |
||
| 246 |
_amulk-e-khuda tang-neest _bby Qureshi Rafat Saeed |
||
| 260 |
_aاور نگ آبا د _bشاکر قر يشی و صا بر قر /بھار تيہ کلا تر کا شن _c2005 |
||
| 270 |
_aپلا ٹ نمبر4پرو فيسر س کا لو نی رہلی گيٹ _bاور نگ آبا د _k02402390842 |
||
| 300 |
_a 156 ص _c22 سينٹی ميٹر |
||
| 650 | _aتا ر يخ | ||
| 700 | _aشاکر قر يشی و صا بر قر يشی | ||
| 942 |
_adpl _cUR _k954 /ق ر ی _2ddc _h954 _mق ر ی |
||
| 999 |
_c1593 _d1593 |
||